| 000 -ლიდერი |
| ფიქსირებული სიგრძის საკონტროლო ველი |
01123nam a2200241Ia 4500 |
| 001 - საკონტროლო ნომერი |
| საკონტროლო ველი |
15770 |
| 003 - საკონტროლო ნომრის იდენტიფიკატორი |
| საკონტროლო ველი |
GE_BSU |
| 005 - ბოლო ოპერაციის თარიღი და დრო |
| საკონტროლო ველი |
20230614094257.0 |
| 008 - ფიქსირებული სიგრძის მონაცემთა ელემენტები - ზოგადი ინფორმაცია |
| ფიქსირებული სიგრძის საკონტროლო ველი |
181216s||||||||xx |||||||||||||| ||und|| |
| 040 ## - კატალოგიზაციის წყარო |
| Transcribing agency |
GE_BSU |
| 041 ## - ენის კოდი |
| Language code of text/sound track or separate title |
geo |
| 080 ## - უნივერსალური ათობითი კლასიფიკაციის ინდექსი |
| Universal Decimal Classification number |
821.353.1-1 + 821.353.1-144 ჭ-34 |
| 100 ## - მთავარი ჩანაწერი - პიროვნების სახელი |
| Personal name |
ჭელიძე, ოთარ |
| 9 (RLIN) |
18683 |
| 245 ## - ცნობა სათაურის შესახებ |
| Title |
უსასრულობა : |
| Remainder of title |
ლექსები და ბალადები / |
| Statement of responsibility, etc |
ოთარ ჭელიძე; რედ. ტ.ჭანტურია. მხატვ. რედ. შ.დოლიძე. |
| 264 ## - წარმოების, გამოცემის, დისტრიბუციის და სხვა ცნობები |
| გამოცემის, წარმოების, დისტრიბუციის... ადგილი |
თბილისი: |
| გამოცემის, წარმოების, დისტრიბუციის... სახელწოდება |
ნაკადული, |
| გამოცემის, წარმოების, დისტრიბუციის... თარიღი |
1966. |
| 300 ## - ფიზიკური აღწერა |
| Extent |
122 გვ. : |
| Other physical details |
1 ფ. პორტრ. ; |
| Dimensions |
17 სმ |
| 490 ## - სერიის ცნობა |
| Series statement |
თანამედროვე ქართული პოეზიის ბიბლიოთეკა |
| 653 ## - INDEX TERM--UNCONTROLLED |
| Uncontrolled term |
ლექსები და ბალადები |
| 653 ## - INDEX TERM--UNCONTROLLED |
| Uncontrolled term |
უსასრულობა |
| 700 ## - ADDED ENTRY--PERSONAL NAME |
| Personal name |
ჭანტურია, ტ. |
| Relator term |
რედაქტორი |
| 9 (RLIN) |
3733 |
| 700 ## - ADDED ENTRY--PERSONAL NAME |
| Personal name |
დოლიძე, შ. |
| Relator term |
მხატვარი |
| 9 (RLIN) |
18684 |
| 942 ## - ADDED ENTRY ELEMENTS (KOHA) |
| Koha item type |
წიგნი |
| Source of classification or shelving scheme |
|